000 00450 a2200145 4500
020 _a0747600252
020 _a0419161503
082 _a711.4 BRO
100 _aBroadbent, Geoffrey.
245 _aEmerging concepts in urban space design
_cGeoffrey Broadbent.
260 _aLondon ;
_aNew York :
_bTaylor and Francis
_c2001.
300 _aix, 380 p. :
_bill. ;
_c28 cm.
650 _aSpace (Architecture)
650 _aCity planning.
650 _aArchitecture
_xEnvironmental aspects.
999 _c406
_d406